000 00680cam a2200253 a 4500
003 UPN
005 20240924071026.0
008 191209s2011 mx gr 001 0cspa d
020 _a9786070708152
035 _aUPN01000234742
040 _aMX-MxUPN
_bspa
_cMX-MxUPN
050 1 4 _aZ1035 A1
_bA46
100 1 _aAlonso, Juan Ignacio
_944541
100 1 _aZabaleta, Fran,
_944544
_d1964-
245 1 0 _a99 libros para ser más culto
250 _aPrimera edición
260 _aMéxico, D.F. :
_bMR,
_c2011.
300 _a621 páginas
650 4 _aLibros y lectura
_95227
650 4 _aLiteratura
_95741
905 _aLibro
942 _n0
_2lcc
_cLIBRO
999 _c206837
_d206837